[Event "Suecia ch 2007 Mästare Elit"]
[Site "Stockholm SWE"]
[Date "2007.07.08"]
[Round "8"]
[White "Welin, Mats"]
[Black "Janse, Love"]
[Result "1/2-1/2"]
[PlyCount "67"]
[EventDate "2007.06.30"]
[EventType "tourn"]
[EventRounds "13"]
[EventCountry "SWE"]
[Source "lmi"]
[SourceDate "2007.06.30"]
[WhiteElo "2195"]
[BlackElo "2090"]

1. e4 d6 2. d4 g6 3. Nc3 c6 4. Nf3 Bg7 5. h3 Nf6 6. a4 O-O 7. Be3 e5 8. dxe5
dxe5 9. Qxd8 Rxd8 10. Bc4 Nbd7 11. a5 Nh5 12. O-O Nf4 13. Rfd1 Re8 14. Na4 Nf8
15. b4 N8e6 16. c3 Nc7 17. Bf1 f6 18. Rd2 Bf8 19. Rad1 Nfe6 20. Rb2 Kf7 21. Ne1
Rd8 22. Nd3 Ke8 23. g3 Nb5 24. Rbd2 Na3 25. Ne1 Rxd2 26. Rxd2 Nb5 27. Kg2 Nd6
28. Bd3 Nf7 29. Nc2 Bh6 30. h4 Bxe3 31. Nxe3 Nd6 32. f3 Ke7 33. Kf2 h5 34. Nc4
1/2-1/2

[Event "Suecia ch 2007 Mästare Elit"]
[Site "Stockholm SWE"]
[Date "2007.07.08"]
[Round "8"]
[White "Logdahl, Harald"]
[Black "Couso, Luis"]
[Result "0-1"]
[PlyCount "50"]
[EventDate "2007.06.30"]
[EventType "tourn"]
[EventRounds "13"]
[EventCountry "SWE"]
[Source "lmi"]
[SourceDate "2007.06.30"]
[WhiteElo "2250"]
[BlackElo "2358"]

1. e4 c5 2. c4 Nc6 3. Nc3 g6 4. g3 Bg7 5. Bg2 d6 6. Nge2 Nf6 7. O-O O-O 8. d3
Ne8 9. Be3 Nc7 10. d4 cxd4 11. Nxd4 Ne5 12. b3 Ng4 13. Bc1 Ne6 14. Nxe6 Bxe6
15. Bb2 Rc8 16. h3 Ne5 17. f4 Bxc4 18. fxe5 Bxf1 19. Qxf1 Bxe5 20. Qf3 Qa5 21.
Nd1 Qe1+ 22. Qf1 Qxg3 23. Bxe5 Qxe5 24. Nf2 Rc2 25. Kh1 Rxf2 0-1

[Event "Suecia ch 2007 Mästare Elit"]
[Site "Stockholm SWE"]
[Date "2007.07.08"]
[Round "8"]
[White "Hedman, Erik"]
[Black "Rosberg, Simon"]
[Result "1-0"]
[PlyCount "71"]
[EventDate "2007.06.30"]
[EventType "tourn"]
[EventRounds "13"]
[EventCountry "SWE"]
[Source "lmi"]
[SourceDate "2007.06.30"]
[WhiteElo "2346"]
[BlackElo "2205"]

1. e4 c5 2. Nf3 e6 3. Nc3 a6 4. g3 Nc6 5. Bg2 Qc7 6. O-O d6 7. d3 Nf6 8. Ng5
Be7 9. f4 Bd7 10. h3 O-O 11. Ne2 Nd4 12. g4 d5 13. e5 Ne8 14. c3 Nc6 15. d4
Bxg5 16. fxg5 Ne7 17. a4 Rc8 18. b3 a5 19. Ba3 b6 20. Nf4 Qd8 21. b4 axb4 22.
cxb4 cxb4 23. Bxb4 Rc4 24. Qd2 Nc7 25. Nh5 Na6 26. Bd6 Bxa4 27. Nf6+ Kh8 28.
Rxa4 Rxa4 29. Qc2 gxf6 30. Qxa4 Nb8 31. gxf6 Nec6 32. Bxf8 Qxf8 33. Rc1 Qh6 34.
Rxc6 Qe3+ 35. Kh2 Qf4+ 36. Kh1 1-0

[Event "Suecia ch 2007 Mästare Elit"]
[Site "Stockholm SWE"]
[Date "2007.07.08"]
[Round "8"]
[White "Nilsson, Sebastian"]
[Black "Semcesen, Daniel"]
[Result "0-1"]
[PlyCount "74"]
[EventDate "2007.06.30"]
[EventType "tourn"]
[EventRounds "13"]
[EventCountry "SWE"]
[Source "lmi"]
[SourceDate "2007.06.30"]
[WhiteElo "2218"]
[BlackElo "2348"]

1. e4 e5 2. Nf3 Nc6 3. d4 exd4 4. Nxd4 Nf6 5. Nxc6 bxc6 6. e5 Qe7 7. Qe2 Nd5 8.
c4 Nb6 9. Nc3 a5 10. Bd2 g6 11. Ne4 Bg7 12. Nf6+ Bxf6 13. exf6 Qxe2+ 14. Bxe2
O-O 15. O-O d6 16. Rac1 Nd7 17. Bc3 Nc5 18. Bf3 Ra6 19. Bd4 Ne6 20. Be3 Bd7 21.
c5 Rb8 22. Rfd1 d5 23. Rd2 h5 24. h3 a4 25. Be2 Ra7 26. f4 Rab7 27. Rcc2 Rb4
28. f5 gxf5 29. Bxh5 f4 30. Bf2 Ng5 31. Bd4 Bf5 32. Rc1 Ne4 33. Rdd1 Ng3 34.
Bf3 Be4 35. a3 Rxd4 36. Rxd4 Bxf3 37. Rxa4 Be4 0-1

[Event "Suecia ch 2007 Mästare Elit"]
[Site "Stockholm SWE"]
[Date "2007.07.08"]
[Round "8"]
[White "Akesson, Joel"]
[Black "Wademark, Helge"]
[Result "1-0"]
[PlyCount "79"]
[EventDate "2007.06.30"]
[EventType "tourn"]
[EventRounds "13"]
[EventCountry "SWE"]
[Source "lmi"]
[SourceDate "2007.06.30"]
[WhiteElo "2326"]
[BlackElo "2153"]

1. d4 d5 2. c4 c6 3. Nf3 Nf6 4. e3 e6 5. Bd3 Nbd7 6. Nbd2 b6 7. O-O Bb7 8. e4
dxe4 9. Nxe4 Be7 10. Qc2 O-O 11. Nxf6+ Nxf6 12. c5 h6 13. Rb1 Nd5 14. b4 Qc8
15. Ne5 a5 16. a3 axb4 17. axb4 bxc5 18. bxc5 Ba6 19. Rd1 f5 20. Ng6 Rf6 21.
Nxe7+ Nxe7 22. Bf4 Nd5 23. Bd6 Bxd3 24. Rxd3 Rf7 25. Rdb3 Kh7 26. Qe2 Rfa7 27.
h3 Ra1 28. Rxa1 Rxa1+ 29. Kh2 Ra4 30. Rb8 Qd7 31. Be5 Ne7 32. Qb2 Ra7 33. Qb6
Nd5 34. Qd8 Kg6 35. Qh8 Nf6 36. Rf8 Nh5 37. Rd8 Qe7 38. Rd6 Rd7 39. Qc8 Nf6 40.
Bxf6 1-0

[Event "Suecia ch 2007 Mästare Elit"]
[Site "Stockholm SWE"]
[Date "2007.07.08"]
[Round "8"]
[White "Tikkanen, Hans"]
[Black "Johansson, Gunnar"]
[Result "1-0"]
[PlyCount "93"]
[EventDate "2007.06.30"]
[EventType "tourn"]
[EventRounds "13"]
[EventCountry "SWE"]
[Source "lmi"]
[SourceDate "2007.06.30"]
[WhiteElo "2394"]
[BlackElo "2272"]

1. d4 d5 2. c4 c6 3. Nf3 Nf6 4. Nc3 e6 5. Bg5 Nbd7 6. cxd5 exd5 7. e3 Be7 8.
Bd3 O-O 9. Qc2 Re8 10. O-O g6 11. Rae1 Nf8 12. Ne5 Nh5 13. Bh6 Ng7 14. Bxg7
Kxg7 15. f4 f6 16. Nf3 f5 17. h3 Be6 18. Na4 Nd7 19. Rb1 a5 20. a3 Bf8 21. Ne5
Rc8 22. Rfc1 Nxe5 23. fxe5 b6 24. Ba6 Rc7 25. Nxb6 Qg5 26. Qf2 c5 27. Na4 c4
28. Nc3 Kh8 29. Qf4 Qh5 30. Qf3 Qxf3 31. gxf3 f4 32. e4 dxe4 33. fxe4 Bxh3 34.
Nd5 Ra7 35. Bxc4 g5 36. Be2 Bg7 37. Kh2 Bc8 38. Rc5 Rb7 39. Rbc1 Rxb2 40. Rxc8
Rxe2+ 41. Kh3 Rf8 42. e6 Rxe4 43. e7 Rg8 44. Kg4 Bxd4 45. Rxg8+ Kxg8 46. Rc8+
Kf7 47. Rf8+ 1-0

[Event "Suecia ch 2007 Junior-SM"]
[Site "Stockholm SWE"]
[Date "2007.07.08"]
[Round "8"]
[White "Kockum, Anton Frisk"]
[Black "De Verdier, Michael"]
[Result "1/2-1/2"]
[PlyCount "53"]
[EventDate "2007.06.30"]
[EventType "tourn"]
[EventRounds "13"]
[EventCountry "SWE"]
[Source "lmi"]
[SourceDate "2007.06.30"]
[WhiteElo "2200"]
[BlackElo "2123"]

1. d4 e6 2. Nf3 Nf6 3. c4 b6 4. g3 Ba6 5. Qc2 Bb4+ 6. Bd2 Qe7 7. Bg2 Bb7 8. Nc3
O-O 9. O-O d6 10. Rad1 Nbd7 11. d5 exd5 12. Nh4 g6 13. cxd5 Nc5 14. Rfe1 Rfe8
15. a3 Bxc3 16. Bxc3 a5 17. b3 Nce4 18. Ba1 Nxd5 19. f3 Nec3 20. e4 Nxd1 21.
Rxd1 Nf6 22. Qc3 Kg7 23. g4 h6 24. f4 Kh7 25. Qxf6 Qxf6 26. Bxf6 Bxe4 27. Nf3
1/2-1/2

[Event "Suecia ch 2007 Junior-SM"]
[Site "Stockholm SWE"]
[Date "2007.07.08"]
[Round "8"]
[White "Wickstrom, Lucas"]
[Black "Zadruzny, Nicolaj"]
[Result "1-0"]
[PlyCount "81"]
[EventDate "2007.06.30"]
[EventType "tourn"]
[EventRounds "13"]
[EventCountry "SWE"]
[Source "lmi"]
[SourceDate "2007.06.30"]
[WhiteElo "2139"]
[BlackElo "2209"]

1. d4 e6 2. Nc3 d5 3. Nf3 Nf6 4. Bg5 Be7 5. Bxf6 Bxf6 6. e4 c5 7. exd5 O-O 8.
Ne4 exd5 9. Nxc5 Re8+ 10. Be2 Qe7 11. Nd3 Nc6 12. c3 Bg4 13. Kf1 Rad8 14. Qd2
Bg5 15. Qc2 Rd6 16. Re1 Re6 17. Qd1 h5 18. h3 Bf5 19. Nc5 Rg6 20. Bd3 Bxd3+ 21.
Qxd3 Qd8 22. Rxe8+ Qxe8 23. Nxg5 Rxg5 24. Qe3 Qd8 25. Nxb7 Qf6 26. Nd6 Qg6 27.
Qe8+ Kh7 28. Nxf7 Qb1+ 29. Qe1 Qd3+ 30. Kg1 Rf5 31. Qe6 Qc2 32. Kh2 Qxf2 33.
Rg1 Rf6 34. Qxd5 h4 35. Ng5+ Kh6 36. Ne6 Qg3+ 37. Kh1 Ne7 38. Qe4 Nf5 39. Rf1
Qg6 40. Qf4+ Kh7 41. Kh2 1-0

[Event "Suecia ch 2007 Junior-SM"]
[Site "Stockholm SWE"]
[Date "2007.07.08"]
[Round "8"]
[White "Tadjerbashi, Amir"]
[Black "Andersson, Alexis"]
[Result "1-0"]
[PlyCount "41"]
[EventDate "2007.06.30"]
[EventType "tourn"]
[EventRounds "13"]
[EventCountry "SWE"]
[Source "lmi"]
[SourceDate "2007.06.30"]
[WhiteElo "2182"]
[BlackElo "2055"]

1. e4 e6 2. d4 c6 3. Bd3 Nf6 4. Nc3 Bb4 5. Nge2 b6 6. O-O Ba6 7. e5 Bxd3 8.
Qxd3 Nd5 9. Ne4 b5 10. Qg3 Rg8 11. b3 Ne7 12. c3 Nf5 13. Qh3 Be7 14. Qxh7 Kf8
15. N2g3 Nh4 16. Nf6 Bxf6 17. exf6 g5 18. Bxg5 Ng6 19. Bh6+ Ke8 20. Qxg8+ Nf8
21. Qxf8# 1-0

[Event "Suecia ch 2007 Junior-SM"]
[Site "Stockholm SWE"]
[Date "2007.07.08"]
[Round "8"]
[White "Blomqvist, Erik"]
[Black "Lissang, Christopher"]
[Result "1-0"]
[PlyCount "69"]
[EventDate "2007.06.30"]
[EventType "tourn"]
[EventRounds "13"]
[EventCountry "SWE"]
[Source "lmi"]
[SourceDate "2007.06.30"]
[WhiteElo "2313"]
[BlackElo "2053"]

1. e4 c5 2. Nf3 Nc6 3. d4 cxd4 4. Nxd4 e6 5. Nc3 Qc7 6. Be2 a6 7. O-O Nf6 8.
Kh1 Be7 9. f4 d6 10. Be3 O-O 11. Qe1 Bd7 12. Qg3 Nxd4 13. Bxd4 Bc6 14. Bd3 b5
15. Rae1 b4 16. e5 dxe5 17. Bxe5 Qb6 18. Nd1 Nh5 19. Qh3 g6 20. Ne3 f5 21. Bc4
Be4 22. Bb3 a5 23. Nc4 Qc6 24. Rxe4 Qxe4 25. Nb6 Qc6 26. Nxa8 Rxa8 27. c3 Rd8
28. cxb4 axb4 29. Qe3 Kf7 30. Rc1 Qe4 31. Qb6 Nxf4 32. Bxf4 Qxf4 33. Qxe6+ Ke8
34. Qf7+ Kd7 35. Ba4+ 1-0

[Event "Suecia ch 2007 Junior-SM"]
[Site "Stockholm SWE"]
[Date "2007.07.08"]
[Round "8"]
[White "Nithander, Victor"]
[Black "Grandelius, Nils"]
[Result "0-1"]
[PlyCount "80"]
[EventDate "2007.06.30"]
[EventType "tourn"]
[EventRounds "13"]
[EventCountry "SWE"]
[Source "lmi"]
[SourceDate "2007.06.30"]
[WhiteElo "2357"]
[BlackElo "2271"]

1. e4 e5 2. Nf3 Nc6 3. Bb5 Nf6 4. O-O Nxe4 5. d4 Nd6 6. Bxc6 dxc6 7. dxe5 Nf5
8. Qxd8+ Kxd8 9. Nc3 Ne7 10. Bf4 Ng6 11. Bg3 Ke8 12. Nd4 Bc5 13. Nb3 Be7 14.
Ne4 h5 15. h3 h4 16. Bh2 Rh5 17. f4 Bd7 18. Rae1 Kf8 19. Nd4 c5 20. f5 cxd4 21.
fxg6 Rf5 22. gxf7 Kxf7 23. Nf2 Ke6 24. Nd3 Rxf1+ 25. Kxf1 g5 26. Bg1 Rf8+ 27.
Ke2 c5 28. Kd2 Bc6 29. Re2 Rf1 30. Bf2 Rh1 31. Ne1 g4 32. hxg4 Bg5+ 33. Kd1
Bxg2 34. Bxh4 Bxh4 35. Rxg2 Rxe1+ 36. Kd2 Rxe5 37. Rh2 Bg5+ 38. Kd1 Kd5 39. Rh7
Re7 40. Rh5 Rg7 0-1

[Event "Suecia ch 2007 Veteran-SM"]
[Site "Stockholm SWE"]
[Date "2007.07.08"]
[Round "4"]
[White "Kyhle, Bo"]
[Black "Malmdin, Nils-Ake"]
[Result "1/2-1/2"]
[PlyCount "27"]
[EventDate "2007.07.01"]
[EventCountry "SWE"]
[Source "lmi"]
[SourceDate "2007.06.30"]
[WhiteElo "2232"]
[BlackElo "2259"]

1. d4 Nf6 2. c4 e6 3. Nc3 Bb4 4. e3 c5 5. Nge2 cxd4 6. exd4 b6 7. a3 Be7 8. Ng3
h5 9. Be2 h4 10. Nf1 Bb7 11. d5 h3 12. g3 d6 13. Ne3 g6 14. O-O 1/2-1/2

[Event "Suecia ch 2007 Veteran-SM"]
[Site "Stockholm SWE"]
[Date "2007.07.08"]
[Round "4"]
[White "Agrest, Roman"]
[Black "Gustavsson, Sture"]
[Result "1/2-1/2"]
[PlyCount "68"]
[EventDate "2007.07.01"]
[EventCountry "SWE"]
[Source "lmi"]
[SourceDate "2007.06.30"]
[WhiteElo "2161"]
[BlackElo "2109"]

1. b4 d5 2. Nf3 e6 3. Bb2 Nf6 4. a3 Bd6 5. e3 Qe7 6. c4 c6 7. d4 Nbd7 8. cxd5
exd5 9. Bd3 O-O 10. O-O Ne4 11. Nbd2 Ndf6 12. Nb3 Bg4 13. Be2 Rae8 14. Rc1 a6
15. Ne5 Bxe2 16. Qxe2 Nd7 17. Nxd7 Qxd7 18. Rfe1 f5 19. Nc5 Qc7 20. Qh5 g6 21.
Qh3 g5 22. f3 Nd2 23. Qh6 Qe7 24. Rc2 Nc4 25. Bc1 Bxc5 26. bxc5 Qg7 27. Qxg7+
Kxg7 28. e4 f4 29. Kf2 Kg6 30. exd5 Rxe1 31. Kxe1 Re8+ 32. Kf2 cxd5 33. g3 Kf5
34. g4+ Kg6 1/2-1/2

[Event "Suecia ch 2007 Veteran-SM"]
[Site "Stockholm SWE"]
[Date "2007.07.08"]
[Round "4"]
[White "Nystrom, Ragnar"]
[Black "Andersson, Sven-Olof"]
[Result "1/2-1/2"]
[PlyCount "63"]
[EventDate "2007.07.01"]
[EventCountry "SWE"]
[Source "lmi"]
[SourceDate "2007.06.30"]
[WhiteElo "2022"]
[BlackElo "2095"]

1. d4 Nf6 2. c4 g6 3. Nc3 Bg7 4. e4 d6 5. Be2 O-O 6. Bg5 c6 7. Nf3 h6 8. Bd2
Bg4 9. Qc1 Kh7 10. h3 Bxf3 11. Bxf3 e5 12. dxe5 dxe5 13. O-O Qe7 14. Rd1 Nbd7
15. Qc2 Nc5 16. Be3 Nfd7 17. b4 Ne6 18. c5 Nd4 19. Qd2 Rfd8 20. Bxd4 exd4 21.
Na4 Ne5 22. Nb2 Qe6 23. Be2 d3 24. Bf1 Nc4 25. Nxc4 Bxa1 26. Nd6 Be5 27. Nxb7
Rd7 28. Na5 Qf6 29. a3 Bc3 30. Qa2 Re8 31. Rxd3 Rxd3 32. Bxd3 1/2-1/2

[Event "Suecia ch 2007 Veteran-SM"]
[Site "Stockholm SWE"]
[Date "2007.07.08"]
[Round "4"]
[White "Ohman, Anders"]
[Black "Nordstrom, Felix"]
[Result "1/2-1/2"]
[PlyCount "118"]
[EventDate "2007.07.01"]
[EventCountry "SWE"]
[Source "lmi"]
[SourceDate "2007.06.30"]
[WhiteElo "2067"]
[BlackElo "2173"]

1. c4 c6 2. g3 d5 3. Bg2 Nf6 4. b3 dxc4 5. bxc4 Qd4 6. Nc3 Qxc4 7. Bb2 e6 8.
Nf3 Be7 9. O-O O-O 10. Rc1 Qb4 11. Qc2 Nbd7 12. d4 Rd8 13. e4 Nf8 14. Rfd1 Bd7
15. Ne5 Rac8 16. a3 Qa5 17. Nc4 Qc7 18. e5 Nd5 19. Ne4 Rb8 20. Qe2 f5 21. exf6
gxf6 22. Ncd2 Be8 23. Nc5 Bxc5 24. dxc5 e5 25. Nc4 Bf7 26. Nd6 Be6 27. f4 exf4
28. Bxd5 Bxd5 29. Bxf6 f3 30. Qe3 Rd7 31. Qg5+ Ng6 32. h4 Rf8 33. h5 Rxd6 34.
cxd6 Qxd6 35. Bd4 Qe7 36. Qxe7 Nxe7 37. Bc5 Rf7 38. Bxe7 Rxe7 39. Re1 Rg7 40.
Kf2 Rg5 41. Rh1 Kf7 42. Rce1 b5 43. Rh4 Rf5 44. Rf4 Rxf4 45. gxf4 a5 46. Rg1 b4
47. axb4 axb4 48. h6 Kf6 49. Rg7 Be4 50. Ke3 f2 51. Kxf2 b3 52. Rb7 Kg6 53.
Rxb3 Kxh6 54. Rh3+ Kg7 55. Ke3 Bf5 56. Rg3+ Kf6 57. Kd4 h5 58. Kc5 Bg4 59. Kxc6
Kf5 1/2-1/2

[Event "Suecia ch 2007 SM-gruppen"]
[Site "Stockholm SWE"]
[Date "2007.07.09"]
[Round "9"]
[White "Lindberg, Bengt"]
[Black "Smith, Axel"]
[Result "1-0"]
[PlyCount "47"]
[EventDate "2007.06.30"]
[EventType "tourn"]
[EventRounds "13"]
[EventCountry "SWE"]
[Source "lmi"]
[SourceDate "2007.06.30"]
[WhiteElo "2443"]
[BlackElo "2284"]

1. e4 c5 2. Nf3 Nc6 3. Bb5 g6 4. Bxc6 dxc6 5. d3 Bg7 6. h3 e5 7. O-O Qe7 8. a3
a5 9. Be3 b6 10. Nbd2 Qc7 11. b4 axb4 12. axb4 Rxa1 13. Qxa1 cxb4 14. Nc4 c5
15. Qa4+ Bd7 16. Qa6 Bh6 17. Nfxe5 Bxe3 18. Nxd7 Bf4 19. Ncxb6 g5 20. Qb5 g4
21. Ra1 f5 22. Qc4 Qxd7 23. Nxd7 Kxd7 24. Qd5+ 1-0

[Event "Suecia ch 2007 SM-gruppen"]
[Site "Stockholm SWE"]
[Date "2007.07.09"]
[Round "9"]
[White "Hamark, Jesper"]
[Black "Carlsson, Pontus"]
[Result "0-1"]
[PlyCount "102"]
[EventDate "2007.06.30"]
[EventType "tourn"]
[EventRounds "13"]
[EventCountry "SWE"]
[Source "lmi"]
[SourceDate "2007.06.30"]
[WhiteElo "2289"]
[BlackElo "2480"]

1. d4 e6 2. c4 Nf6 3. Nc3 Bb4 4. Qc2 O-O 5. a3 Bxc3+ 6. Qxc3 b6 7. Bg5 d6 8.
Qf3 c6 9. e3 Bb7 10. Bxf6 Qxf6 11. Qxf6 gxf6 12. Ne2 Rd8 13. Nc3 Kf8 14. Bd3 f5
15. O-O-O Nd7 16. Rhg1 Nf6 17. h3 h5 18. h4 Ke7 19. g3 Rac8 20. Rge1 Ba6 21.
Kd2 d5 22. cxd5 Bxd3 23. Kxd3 cxd5 24. Rc1 Ne4 25. Nxe4 fxe4+ 26. Ke2 Kf6 27.
f3 exf3+ 28. Kxf3 Kf5 29. Rf1 f6 30. Ke2+ Kg6 31. Kf3 Kf5 32. Ke2+ Kg6 33. Kf3
f5 34. Ke2 Kf6 35. Kd2 Rg8 36. Rxc8 Rxc8 37. Kd3 b5 38. Kd2 Rg8 39. Rf3 a5 40.
Kc2 Ke7 41. Kd2 Kd6 42. Kc3 Kc6 43. Kb3 a4+ 44. Kc3 Kb6 45. Kd3 Ka5 46. Kc3 Rg7
47. Kd3 b4 48. axb4+ Kxb4 49. Kc2 Kc4 50. Kd2 Rb7 51. Kc2 Rb3 0-1

[Event "Suecia ch 2007 SM-gruppen"]
[Site "Stockholm SWE"]
[Date "2007.07.09"]
[Round "9"]
[White "Lindberg, Bosse"]
[Black "Berg, Emanuel"]
[Result "0-1"]
[PlyCount "96"]
[EventDate "2007.06.30"]
[EventType "tourn"]
[EventRounds "13"]
[EventCountry "SWE"]
[Source "lmi"]
[SourceDate "2007.06.30"]
[WhiteElo "2361"]
[BlackElo "2581"]

1. d4 g6 2. g3 Bg7 3. Bg2 d6 4. Nf3 f5 5. O-O Nf6 6. b3 O-O 7. Bb2 Ne4 8. Nfd2
Nxd2 9. Qxd2 e5 10. dxe5 dxe5 11. Rd1 Qxd2 12. Nxd2 e4 13. Bxg7 Kxg7 14. f3
exf3 15. exf3 f4 16. Ne4 Bf5 17. gxf4 Nc6 18. Rd2 Rad8 19. Rad1 Rxd2 20. Rxd2
Bc8 21. Kf2 Rxf4 22. Ng5 Rh4 23. Kg3 Rd4 24. Re2 h6 25. Bh3 Bxh3 26. Nxh3 Rd1
27. Nf4 Kf7 28. Ng2 Nd4 29. Rf2 Nf5+ 30. Kh3 b5 31. Nf4 c6 32. Nd3 Kf6 33. f4
Ne3 34. Ne5 c5 35. Kg3 Kf5 36. Kf3 Nd5 37. Ng4 h5 38. Ne3+ Nxe3 39. Kxe3 Rd4
40. c3 Re4+ 41. Kd2 Rxf4 42. Re2 g5 43. a3 a5 44. Re8 Rf2+ 45. Ke1 Rxh2 46. Rc8
h4 47. Rxc5+ Kf4 48. c4 Rb2 0-1

[Event "Suecia ch 2007 SM-gruppen"]
[Site "Stockholm SWE"]
[Date "2007.07.09"]
[Round "9"]
[White "Brynell, Stellan"]
[Black "Ong, Kezli"]
[Result "1-0"]
[PlyCount "99"]
[EventDate "2007.06.30"]
[EventType "tourn"]
[EventRounds "13"]
[EventCountry "SWE"]
[Source "lmi"]
[SourceDate "2007.06.30"]
[WhiteElo "2459"]
[BlackElo "2236"]

1. d4 Nf6 2. c4 e6 3. Nc3 Bb4 4. Qc2 O-O 5. a3 Bxc3+ 6. Qxc3 b6 7. Bg5 Bb7 8.
f3 h6 9. Bh4 d5 10. cxd5 exd5 11. e3 Re8 12. Bf2 c5 13. Bb5 Bc6 14. Bd3 cxd4
15. Qxd4 Bd7 16. Ne2 Nc6 17. Qc3 Ne5 18. O-O Rc8 19. Qd2 Nc4 20. Bxc4 dxc4 21.
e4 Qe7 22. Bd4 Nh5 23. g4 Nf6 24. g5 hxg5 25. Qxg5 Rc6 26. Nf4 g6 27. Qg3 Rc5
28. Qh4 Re5 29. Rad1 Bc6 30. Rd2 Nh7 31. Qe1 Qg5+ 32. Ng2 R5e7 33. Bc3 Nf8 34.
h4 Qh6 35. Qg3 Rd7 36. Rxd7 Nxd7 37. Rd1 Nc5 38. Nf4 Kh7 39. Rd6 Ba8 40. Rf6
Re7 41. h5 Rd7 42. hxg6+ fxg6 43. Rxg6 Rd1+ 44. Kf2 Nd3+ 45. Ke3 Qxf4+ 46. Qxf4
Nxf4 47. Rg7+ Kh6 48. Kxf4 a5 49. Kf5 Rd3 50. Rg3 1-0

[Event "Suecia ch 2007 SM-gruppen"]
[Site "Stockholm SWE"]
[Date "2007.07.09"]
[Round "9"]
[White "Furhoff, Johan"]
[Black "Akesson, Ralf"]
[Result "0-1"]
[PlyCount "64"]
[EventDate "2007.06.30"]
[EventType "tourn"]
[EventRounds "13"]
[EventCountry "SWE"]
[Source "lmi"]
[SourceDate "2007.06.30"]
[WhiteElo "2397"]
[BlackElo "2477"]

1. e4 c6 2. d4 d5 3. e5 Bf5 4. Nc3 e6 5. g4 Bg6 6. Nge2 f6 7. Nf4 fxe5 8. Nxg6
hxg6 9. dxe5 Nd7 10. Bf4 Bb4 11. Bd3 Ne7 12. O-O Qc7 13. Ne2 c5 14. c3 Ba5 15.
b4 Bb6 16. a4 a6 17. Bg3 g5 18. a5 Ba7 19. b5 Bb8 20. f4 c4 21. b6 Qc5+ 22. Bf2
cxd3 23. Bxc5 dxe2 24. Qxe2 Nxc5 25. f5 Ne4 26. c4 Bxe5 27. cxd5 exd5 28. Rac1
Rxh2 29. Qd1 Rd2 30. Qa4+ Kf7 31. Rf3 Bd4+ 32. Kf1 Rh8 0-1

[Event "Suecia ch 2007 SM-gruppen"]
[Site "Stockholm SWE"]
[Date "2007.07.09"]
[Round "9"]
[White "Hillarp Persson, Tiger"]
[Black "Karlsson, Lars"]
[Result "1-0"]
[PlyCount "117"]
[EventDate "2007.06.30"]
[EventType "tourn"]
[EventRounds "13"]
[EventCountry "SWE"]
[Source "lmi"]
[SourceDate "2007.06.30"]
[WhiteElo "2567"]
[BlackElo "2493"]

1. d4 e6 2. e4 d5 3. Nc3 Bb4 4. e5 c5 5. a3 Bxc3+ 6. bxc3 Ne7 7. h4 Nbc6 8. Nf3
Qa5 9. Bd2 f6 10. c4 Qc7 11. cxd5 Nxd5 12. c4 Nde7 13. exf6 gxf6 14. dxc5 e5
15. Bc3 Nf5 16. Bd3 Rg8 17. Nd2 Be6 18. Qh5+ Qf7 19. Qxf7+ Kxf7 20. Rb1 Rab8
21. Be4 Nfe7 22. O-O Rg4 23. g3 Bf5 24. Bf3 Bxb1 25. Bxg4 Bd3 26. Re1 Rg8 27.
Bf3 Ke6 28. Bg2 h6 29. Kh2 Rd8 30. f4 Bf5 31. fxe5 Nxe5 32. Nf3 N7c6 33. Nxe5
Nxe5 34. Bd5+ Ke7 35. Bxe5 fxe5 36. Rxe5+ Kf6 37. Re3 Rc8 38. Rb3 Rxc5 39. Rxb7
Ra5 40. Rb3 Ke5 41. Kg2 Kd4 42. Rf3 Bd3 43. Rf6 h5 44. Rf4+ Kc3 45. Bf7 Be2 46.
Rf2 Kd3 47. Bg6+ Ke3 48. Rf5 Rxa3 49. Bxh5 Bd3 50. Rf2 Ra1 51. Rf3+ Kd4 52.
Rf4+ Ke3 53. Bf7 a5 54. h5 Be4+ 55. Kh3 a4 56. Bd5 Rh1+ 57. Kg4 Bxd5 58. cxd5
a3 59. Ra4 1-0

[Event "Suecia ch 2007 SM-gruppen"]
[Site "Stockholm SWE"]
[Date "2007.07.09"]
[Round "9"]
[White "Cramling, Pia"]
[Black "Johansson, Jan"]
[Result "1-0"]
[PlyCount "67"]
[EventDate "2007.06.30"]
[EventType "tourn"]
[EventRounds "13"]
[EventCountry "SWE"]
[Source "lmi"]
[SourceDate "2007.06.30"]
[WhiteElo "2533"]
[BlackElo "2441"]

1. d4 Nf6 2. Nf3 e6 3. c4 Bb4+ 4. Nbd2 d5 5. a3 Be7 6. e3 O-O 7. b3 b6 8. Bd3
Bb7 9. O-O Nbd7 10. Bb2 c5 11. Qe2 Rc8 12. Rfd1 Rc7 13. Ne5 Nxe5 14. dxe5 Nd7
15. f4 Re8 16. cxd5 exd5 17. Nf3 g6 18. Rac1 Bf8 19. h4 Bg7 20. Ng5 Nf8 21. Bb5
Nd7 22. e4 d4 23. Qc4 Qe7 24. Rxd4 cxd4 25. Qxc7 Nc5 26. Qxe7 Rxe7 27. b4 Na6
28. Bxd4 h6 29. Nf3 Nc7 30. Bc6 Bc8 31. Be3 Ba6 32. Nd4 Bc8 33. Kf2 Bg4 34. Ba4
1-0

[Event "Suecia ch 2007 Mästare Elit"]
[Site "Stockholm SWE"]
[Date "2007.07.09"]
[Round "9"]
[White "Couso, Luis"]
[Black "Hedman, Erik"]
[Result "0-1"]
[PlyCount "57"]
[EventDate "2007.06.30"]
[EventType "tourn"]
[EventRounds "13"]
[EventCountry "SWE"]
[Source "lmi"]
[SourceDate "2007.06.30"]
[WhiteElo "2358"]
[BlackElo "2346"]

1. e4 e6 2. d4 d5 3. Nc3 Bb4 4. e5 Ne7 5. a3 Bxc3+ 6. bxc3 c5 7. h4 Qc7 8. Nf3
b6 9. h5 h6 10. Bb5+ Bd7 11. Bd3 Ba4 12. Rh4 cxd4 13. Bd2 dxc3 14. Bc1 Bc6 15.
Kf1 Nd7 16. Qe1 d4 17. Nxd4 Qxe5 18. Qxc3 Rc8 19. Qd2 Nf6 20. Rb1 O-O 21. Nxc6
Nxc6 22. Rb5 Qc7 23. Rh3 a6 24. Rb1 Rfd8 25. Qe3 Ne5 26. Rg3 Nxh5 27. Rh3 Nxd3
28. cxd3 Qc2 29. Ra1 0-1

[Event "Suecia ch 2007 Mästare Elit"]
[Site "Stockholm SWE"]
[Date "2007.07.09"]
[Round "9"]
[White "Janse, Love"]
[Black "Logdahl, Harald"]
[Result "1-0"]
[PlyCount "115"]
[EventDate "2007.06.30"]
[EventType "tourn"]
[EventRounds "13"]
[EventCountry "SWE"]
[Source "lmi"]
[SourceDate "2007.06.30"]
[WhiteElo "2090"]
[BlackElo "2250"]

1. e4 Nf6 2. Nc3 e5 3. Bc4 Nxe4 4. Qh5 Nd6 5. Bb3 Nc6 6. Nb5 g6 7. Qf3 f5 8.
Qd5 Qe7 9. Nxc7+ Kd8 10. Nxa8 b6 11. Nxb6 axb6 12. d3 Nd4 13. Qa8 Kc7 14. Qa4
Bb7 15. f3 Bg7 16. Be3 f4 17. Bf2 Qg5 18. c3 Nc6 19. Bd5 Qxg2 20. Qc2 Qxh1 21.
O-O-O Na5 22. Be4 Nf5 23. Nh3 Qxd1+ 24. Qxd1 Ne3 25. Qg1 d5 26. Ng5 dxe4 27.
Ne6+ Kb8 28. Nxg7 exd3 29. Bxe3 fxe3 30. Qxe3 Rd8 31. b3 Ka7 32. Kd2 Nc6 33.
Ne6 Rd6 34. Nc5 Bc8 35. Na4 Nd8 36. Qxe5 Nb7 37. c4 Bf5 38. c5 bxc5 39. Nxc5
Rc6 40. b4 Nxc5 41. bxc5 Kb7 42. a4 Re6 43. Qd5+ Kc7 44. Kd1 h6 45. a5 Ra6 46.
Qb3 Kc6 47. Qb4 h5 48. h4 Bc8 49. Kd2 Bf5 50. Kc3 Kc7 51. Qb5 Bc8 52. Qxd3 Rf6
53. Qd5 Re6 54. Kb4 Bd7 55. f4 Kc8 56. Qa8+ Kc7 57. a6 Re1 58. a7 1-0